|
|
|
|
| LEADER |
00000nam1a2200000 4500 |
| 001 |
162346 |
| 005 |
20231101222320.0 |
| 035 |
|
|
|a (RuTPU)RU\TPU\book\176071
|
| 090 |
|
|
|a 162346
|
| 100 |
|
|
|a 20090619g1989 m y0rusy5003 ca
|
| 101 |
1 |
|
|a rus
|c rus
|
| 200 |
1 |
|
|a Собрание сочинений
|e В 6 т. : [Перевод]
|f Д. Стейнбек
|g сост. и общ. ред. С. С. Иванько ; худож. П. Н. Пинкисевич
|
| 210 |
|
|
|a Москва
|c Правда
|d 1989-
|
| 225 |
1 |
|
|a Библиотека "Огонёк"
|
| 675 |
|
|
|a 82
|z rus
|
| 700 |
|
1 |
|a Стейнбек
|b Дж. Э.
|c американский писатель
|c Нобелевский лауреат
|f 1902-1968
|g Джон Эрнст
|2 stltpush
|3 (RuTPU)RU\TPU\pers\21210
|9 8858
|
| 702 |
|
1 |
|a Иванько
|b С. С.
|g Сергей Сергеевич
|4 340
|
| 702 |
|
1 |
|a Пинкисевич
|b П. Н.
|4 440
|
| 801 |
|
0 |
|a RU
|b RuMRKP
|c 19950417
|g psbo
|
| 801 |
|
1 |
|a RU
|b 63413507
|c 20090619
|g PSBO
|
| 801 |
|
2 |
|a RU
|b 63413507
|c 20170113
|g PSBO
|
| 942 |
|
|
|c BK
|